Využitie pokročilých funkcií tabuľkových procesorov pri zefektívnení práce účtovníka bakalárska práca

Na minha lista:
Detalhes bibliográficos
Autor principal: Hrivňák, Roman
Autor Corporativo: Fakulta hospodárskej informatiky EU. Katedra účtovníctva a audítorstva
Outros Autores: Tumpach, Miloš, 1970-
Formato: Livro
Idioma:eslovaco
Publicado em: Bratislava 2024
Tags: Adicionar Tag
Sem tags, seja o primeiro a adicionar uma tag!

MARC

LEADER 00000nbm a2200000 4500
001 0302519
005 20250131095939.8
041 0 |a slo 
044 |a SK 
245 1 0 |a Využitie pokročilých funkcií tabuľkových procesorov pri zefektívnení práce účtovníka  |b bakalárska práca  |c Roman Hrivňák ; školiteľ: Miloš Tumpach 
264 1 |a Bratislava  |c 2024 
300 |a 45 s. 
100 1 |a Hrivňák, Roman 
700 1 |a Tumpach, Miloš, 1970- 
710 2 |a Fakulta hospodárskej informatiky EU. Katedra účtovníctva a audítorstva